000 00228nam a2200085Ia 4500
008 120527s9999 xx 000 0 und d
100 _aMcearchern, A. William
245 _aMacro economics a contyemporary introductions
942 _cBK
999 _c26968
_d26968